000 00269nam a22001217a 4500
040 _cSK
082 _a910
100 _aHUOT KONGHEANG
245 _aGeographic information system arccatalog tutorial arcgis 9.3
260 _aUSA
_bHUO
_cNA
300 _a29p.
942 _cEK
999 _c9234
_d9234